000 00791aam a2200301 i 4500
001 768714001
003 CO-MdFUSB
005 20250520082715.0
007 ta
008 250520t1992 -us |||| |||| 00| 0 eng d
020 _a0-8007-5240-6
040 _cCO-MdFUSB
041 0 _aeng
082 0 4 _223
_a248.4
_bB4711m
100 1 _aBennett, Rita
_eautor
245 1 0 _aMaking peace with your inner child
_c/ Rita Bennett
264 1 _bFleming H. Revell,
_aGrand Rapids, MI., USA :
_c[1992]
264 4 _c©1992
300 _a192 páginas
336 _atexto
_btxt
_2rdacontent
337 _2rdamedia
_asin mediación
_bn
338 _2rdacarrier
_avolumen
_bnc
563 _aRústico
650 0 _aVida cristiana
_919
942 _cBK
945 _aJTF-925
999 _c35769
_d35769